Los metales : Materiales para múltiples usos /
Breve historia de la metalurgia, el proceso de elaboración de los metales puros y las aleaciones. Procedimientos que incluyen transformaciones físicas y químicas. La siderurgia y sus principales productos.
Guardado en:
| Autor Principal: | |
|---|---|
| Autor Corporativo: | |
| Formato: | |
| Publicado: |
Argentina,
2011
|
| Series: | Horizontes. Ciencias Naturales
|
| Materias: | |
| Acceso en línea: | https://www.educ.ar/recursos/50726/los-metales-materiales-para-multiples-usos |
| Etiquetas: |
Agregar Etiqueta
Sin Etiquetas, Sea el primero en etiquetar este registro!
|
| LEADER | 01148ngm a22003135g 4500 | ||
|---|---|---|---|
| 001 | CEM.cems023658 | ||
| 008 | 130507s2011##################0###0#####d | ||
| 005 | 20250619150818.0 | ||
| 245 | 1 | 0 | |a Los metales : |b Materiales para múltiples usos / |c Mariano Chiesa. |
| 260 | |a Argentina, |c 2011 | ||
| 300 | |a 26'. | ||
| 490 | 0 | |a Horizontes. Ciencias Naturales | |
| 500 | |a Consultar en ventanilla. | ||
| 538 | |a Soporte: DVD - Color: Si - Grabación DRD | ||
| 520 | |a Breve historia de la metalurgia, el proceso de elaboración de los metales puros y las aleaciones. Procedimientos que incluyen transformaciones físicas y químicas. La siderurgia y sus principales productos. | ||
| 100 | 1 | |a Chiesa, Mariano | |
| 710 | 2 | |a Canal Encuentro. | |
| 082 | 5 | 0 | |/ CHI-2 |
| 653 | |a FISICA | ||
| 653 | |a QUIMICA | ||
| 653 | |a METALES | ||
| 653 | |a SIDERURGIA | ||
| 653 | |a METALURGIA | ||
| 653 | |a FUNDICION | ||
| 653 | |a ACERO | ||
| 653 | |a HIERRO | ||
| 653 | |a SERIE DE TELEVISION | ||
| 856 | |u https://www.educ.ar/recursos/50726/los-metales-materiales-para-multiples-usos | ||
| 859 | |a CEMS |b BIB. CEMS - Depto. Recursos Didacticos |h 500 |i CHI-2 |k DRD |p 2301.15 |t Ej.1 | ||
